Dartmouth Court Blackheath Ltd v Berisworth Ltd (Record no. 80180)

MARC details
000 -LEADER
fixed length control field 01973cad a22002295a 4500
001 - CONTROL NUMBER
control field L143444
008 - FIXED-LENGTH DATA ELEMENTS--GENERAL INFORMATION
fixed length control field 080509e20080227xxk f v 000 0 eng d
035 ## - SYSTEM CONTROL NUMBER
System control number (Sirsi) u143444
041 0# - LANGUAGE CODE
Language code of text/sound track or separate title eng
245 00 - TITLE STATEMENT
Title Dartmouth Court Blackheath Ltd v Berisworth Ltd
Medium [electronic resource]
260 ## - PUBLICATION, DISTRIBUTION, ETC.
Date of publication, distribution, etc. 2008
520 ## - SUMMARY, ETC.
Summary, etc. [2008] EWHC 350 (Ch), 27 February 2008. Considered what parts of a property were included within the tenants' section of a larger premises within the meaning of the Landlord and Tenant Act 1987 Part I. The claimant tenants (D) of a block of flats claimed the right of first refusal over certain parts of the building which the landlord (L) wished to sell. The defendant company (B) had purchased some parts of the property. Further, L wished to sell the airspace around the roof, an area at the rear of the building, the lightwell and the basement rooms. The purpose was to facilitate further development of the block. Being opposed to the development, D sought to invoke their right of first refusal on the areas. "Held": D were able to exercise their rights to first refusal, but only over areas within the building. Not all parts of the property sold to B fell within the meaning of the Act as they were not within or appertaining to the building. However, the four sections D wished to acquire were covered in this way. D was entitled to acquire them, subject to assessment of the amount of airspace. Judgment for the claimant in part.
590 ## - LOCAL NOTE (RLIN)
Local note KA
650 24 - SUBJECT ADDED ENTRY--TOPICAL TERM
Topical term or geographic name entry element DARTMOUTH COURT BLACKHEATH LTD V BERISWORTH LTD
650 24 - SUBJECT ADDED ENTRY--TOPICAL TERM
Topical term or geographic name entry element LANDLORD AND TENANT ACT 1987 PART I
650 24 - SUBJECT ADDED ENTRY--TOPICAL TERM
Topical term or geographic name entry element DENETOWER LTD V TOOP
651 #4 - SUBJECT ADDED ENTRY--GEOGRAPHIC NAME
Geographic name England and Wales
Chronological subdivision 1543-
690 ## - LOCAL SUBJECT ADDED ENTRY--TOPICAL TERM (OCLC, RLIN)
Topical term or geographic name as entry element PROPERTY-RESIDENTIAL PROPERTY-ACQUISITION AND DISPOSAL OF RESIDENTIAL PROPERTY
690 ## - LOCAL SUBJECT ADDED ENTRY--TOPICAL TERM (OCLC, RLIN)
Topical term or geographic name as entry element PROPERTY-RESIDENTIAL PROPERTY-RESIDENTIAL LANDLORD AND TENANT
856 40 - ELECTRONIC LOCATION AND ACCESS
Uniform Resource Identifier <a href="https://www.bailii.org/ew/cases/EWHC/Ch/2008/350.html">https://www.bailii.org/ew/cases/EWHC/Ch/2008/350.html</a>
Public note View the judgment free of charge at www.bailii.org...
942 ## - ADDED ENTRY ELEMENTS (KOHA)
Suppress in OPAC 0
Holdings
Withdrawn status Lost status Source of classification or shelving scheme Damaged status Not for loan Home library Current library Shelving location Date acquired Total Checkouts Full call number Barcode Date last seen Copy number Price effective from Koha item type
    Dewey Decimal Classification     Virtual Virtual Online 09/05/2008   ONLINE PUBLICATION 143444-2001 06/08/2019 1 06/08/2019 Law report